Statistics for 2021年北非洲百万人口城市

Click here to take the quiz!

General Stats

  • This quiz has been taken 92 times
  • The average score is 17 of 50

Answers on the Map

Answers color-coded by a green-red scale on the quiz's map according to % correct below.
 

Answer Stats

人口(万)城市% Correct
2,150.0开罗
99%
595.0亚历山大港
87%
272.5突尼斯
83%
402.5阿尔及尔
79%
455.0卡萨布兰卡
74%
390.0亚的斯亚贝巴
73%
2,010.0拉各斯
65%
392.5达喀尔
65%
650.0喀土穆
64%
129.0的黎波里
64%
200.0摩加迪沙
60%
207.5拉巴特
57%
372.5阿布贾
53%
135.0尼亚美
49%
367.5巴马科
48%
101.0班珠尔
45%
123.0班吉
43%
265.0瓦加杜古
42%
131.0努瓦克肖特
40%
260.0科纳克里
40%
161.0恩贾梅纳
38%
520.0阿克拉
38%
350.0雅温得
35%
575.0阿比让
35%
217.5洛美
34%
165.0蒙罗维亚
34%
186.0弗里敦
33%
113.0马拉喀什
30%
129.0非斯
21%
114.0丹吉尔
19%
151.0瓦赫兰
19%
345.0杜阿拉
16%
307.5库马西
16%
170.0贝宁城
16%
485.0卡诺
16%
367.5伊巴丹
12%
189.0科托努
12%
242.5哈科特港
7%
122.0阿加迪尔
7%
117.0苏塞
6%
125.0迈杜古里
6%
124.0奥尼查
5%
194.0卡杜纳
5%
118.0阿巴
5%
112.0伊洛林
5%
105.0乔斯
5%
111.0图巴
2%
103.0埃努古
2%
103.0瓦里
2%
103.0扎里亚
2%

Score Distribution

Percentile by Number Answered

Percent of People with Each Score

Your Score History

You have not taken this quiz